INTERMEDIATE MICROECONOMICS (Record no. 215849)
[ view plain ]
| 000 -LEADER | |
|---|---|
| fixed length control field | 00458nam a22001577a 4500 |
| 008 - FIXED-LENGTH DATA ELEMENTS--GENERAL INFORMATION | |
| fixed length control field | 250708b |||||||| |||| 00| 0 eng d |
| 020 ## - INTERNATIONAL STANDARD BOOK NUMBER | |
| International Standard Book Number | 978-1-4737-5900-8 |
| 100 ## - MAIN ENTRY--PERSONAL NAME | |
| Personal name | NECHYBA, THOMAS J. |
| 245 ## - TITLE STATEMENT | |
| Title | INTERMEDIATE MICROECONOMICS |
| Remainder of title | AN INTUITIVE APPROACH WITH CALCULUS |
| 260 ## - PUBLICATION, DISTRIBUTION, ETC. | |
| Place of publication, distribution, etc. | HAMPSHIRE |
| Name of publisher, distributor, etc. | CENGAGE LEARNING EMEA |
| Date of publication, distribution, etc. | 2018, |
| 300 ## - PHYSICAL DESCRIPTION | |
| Extent | XIV,994P. |
| 500 ## - GENERAL NOTE | |
| General note | INCLUDES INDEX, |
| 650 ## - SUBJECT ADDED ENTRY | |
| Topical term or geographic name entry element | MICROECONOMICS |
| 942 ## - ADDED ENTRY ELEMENTS (KOHA) | |
| Source of classification or shelving scheme | Library of Congress Classification |
| Koha item type | Long Loan Book |
| Withdrawn status | Lost status | Source of classification or shelving scheme | Damaged status | Not for loan | Collection | Home library | Current library | Date acquired | Inventory number | Total checkouts | Full call number | Barcode | Date last seen | Copy number | Price effective from | Koha item type | Date last checked out | Total renewals |
|---|---|---|---|---|---|---|---|---|---|---|---|---|---|---|---|---|---|---|
| Library of Congress Classification | Business & Economics | Kisii University Library | Kisii University Library | 07/08/2025 | 108917 | HB 171.5 .N43 2019 | 000000018303 | 07/08/2025 | 1 | 07/08/2025 | Long Loan Book | |||||||
| Library of Congress Classification | Business & Economics | Kisii University Library | Kisii University Library | 07/08/2025 | 108918 | HB 171.5 .N43 2019 | 000000018304 | 07/08/2025 | 2 | 07/08/2025 | Long Loan Book | |||||||
| Library of Congress Classification | Business & Economics | Kisii University Library | Kisii University Library | 07/08/2025 | 108919 | 1 | HB 171.5 .N43 2019 | 000000018305 | 11/17/2025 | 3 | 07/08/2025 | Long Loan Book | 11/06/2025 | |||||
| Library of Congress Classification | Business & Economics | Kisii University Library | Kisii University Library | 07/08/2025 | 108920 | 2 | HB 171.5 .N43 2019 | 000000018716 | 11/26/2025 | 4 | 07/08/2025 | Long Loan Book | 10/29/2025 | 1 | ||||
| Library of Congress Classification | Business & Economics | Kisii University Library | Kisii University Library | 07/08/2025 | 108921 | 3 | HB 171.5 .N43 2019 | 000000018715 | 12/03/2025 | 5 | 07/08/2025 | Long Loan Book | 11/19/2025 |